| 000 | 00970nam a2200277 4500 | ||
|---|---|---|---|
| 001 | 6475 | ||
| 003 | BD-RjUL | ||
| 005 | 20211208234242.0 | ||
| 008 | 140111s1965 wb a 001 0 ger d | ||
| 035 |
_a(BD-RjUL)6516 _aCURL 05lc64022704(Lon) from wsc214 |
||
| 040 |
_aDLC/ICU _cICU _beng _dBD-RjUL |
||
| 041 | _aeng | ||
| 082 | 0 | 0 |
_a517.38 _bBIT 1965 |
| 100 | 1 |
_aBieberbach, Ludwig, _d1886-1982 _920381 |
|
| 245 | 1 | 0 |
_aTheorie der gewöhnlichen differentialgleichungen : _bauf funktionentheoretischer Grundlage dargestellt / _cby von Ludwig Bieberbach |
| 250 | _a2. umgearb. und erweiterte Aufl | ||
| 260 |
_aBerlin : _bSpringer-Verlag, _c1965. |
||
| 300 |
_axi, 389 p. ; _c24 cm |
||
| 490 | 1 |
_aGrundlehren der mathematischen Wissenschaften ; _vBd.66 |
|
| 650 | 0 |
_aDifferential equations _920382 |
|
| 830 | 0 |
_vBd.66 _920394 |
|
| 830 | 0 |
_aGrundlehren der mathematischen Wissenschaften ; _920395 |
|
| 942 |
_2ddc _cBK |
||
| 999 |
_c6475 _d6475 |
||